[Event "European Women's Championship"]
[Site "Vysoke Tatry"]
[Date "2018.04.13"]
[Round "6"]
[White "Goryachkina, Aleksandra"]
[Black "Ziaziulkina, Nastassia"]
[Result "1/2-1/2"]
[Board "4"]
[WhiteElo "2495"]
[WhiteTitle "WGM"]
[WhiteCountry "RUS"]
[WhiteFideId "4147103"]
[WhiteEloChange "-2"]
[BlackElo "2363"]
[BlackTitle "IM"]
[BlackCountry "BLR"]
[BlackFideId "13505211"]
[BlackEloChange "4"]

1. d4 {[%clk 1:30:55]} d5 {[%clk 1:30:40]} 2. c4 {[%clk 1:31:02]} c6 {[%clk
1:31:04]} 3. Nf3 {[%clk 1:31:23]} Nf6 {[%clk 1:31:25]} 4. Nc3 {[%clk 1:31:47]} e6
{[%clk 1:30:58]} 5. Bg5 {[%clk 1:31:48]} Nbd7 {[%clk 1:26:10]} 6. e3 {[%clk
1:32:04]} Be7 {[%clk 1:26:26]} 7. Rc1 {[%clk 1:30:26]} O-O {[%clk 1:24:11]} 8.
Bd3 {[%clk 1:29:09]} dxc4 {[%clk 1:18:09]} 9. Bxc4 {[%clk 1:29:30]} Nd5 {[%clk
1:18:35]} 10. Bxe7 {[%clk 1:20:00]} Qxe7 {[%clk 1:18:49]} 11. Bxd5 {[%clk
1:16:36]} exd5 {[%clk 1:17:16]} 12. O-O {[%clk 1:16:35]} Nb6 {[%clk 1:13:07]} 13.
Nd2 {[%clk 1:11:03]} Re8 {[%clk 1:04:36]} 14. a3 {[%clk 1:08:17]} Qg5 {[%clk
1:02:40]} 15. Qf3 {[%clk 1:05:29]} Bf5 {[%clk 0:55:51]} 16. Qg3 {[%clk 1:02:32]}
Qe7 {[%clk 0:51:01]} 17. Rfe1 {[%clk 0:58:58]} a5 {[%clk 0:45:28]} 18. Qf3 {[%clk
0:55:53]} Bg6 {[%clk 0:43:57]} 19. h3 {[%clk 0:49:49]} Qd6 {[%clk 0:36:47]} 20.
Qd1 {[%clk 0:45:12]} a4 {[%clk 0:30:39]} 21. Ra1 {[%clk 0:42:53]} Bf5 {[%clk
0:30:01]} 22. Qh5 {[%clk 0:41:42]} Bg6 {[%clk 0:26:47]} 23. Qd1 {[%clk 0:41:57]}
Bf5 {[%clk 0:23:13]} 24. Qh5 {[%clk 0:42:17]} Bg6 {[%clk 0:23:23]} 1/2-1/2

[Event "European Women's Championship"]
[Site "Vysoke Tatry"]
[Date "2018.04.13"]
[Round "6"]
[White "Danielian, Elina"]
[Black "Osmanodja, Filiz"]
[Result "1-0"]
[Board "5"]
[WhiteElo "2410"]
[WhiteTitle "GM"]
[WhiteCountry "ARM"]
[WhiteFideId "13300210"]
[WhiteEloChange "3"]
[BlackElo "2300"]
[BlackTitle "WIM"]
[BlackCountry "GER"]
[BlackFideId "24633569"]
[BlackEloChange "-7"]

1. d4 {[%clk 1:30:55]} Nf6 {[%clk 1:30:49]} 2. Nf3 {[%clk 1:31:03]} e6 {[%clk
1:31:11]} 3. c4 {[%clk 1:31:15]} Bb4+ {[%clk 1:30:36]} 4. Nbd2 {[%clk 1:31:07]}
b6 {[%clk 1:28:14]} 5. a3 {[%clk 1:31:02]} Be7 {[%clk 1:23:03]} 6. e4 {[%clk
1:30:22]} d5 {[%clk 1:22:46]} 7. cxd5 {[%clk 1:15:19]} exd5 {[%clk 1:22:32]} 8.
e5 {[%clk 1:15:45]} Ne4 {[%clk 1:18:53]} 9. Bd3 {[%clk 1:15:44]} Nxd2 {[%clk
1:11:52]} 10. Bxd2 {[%clk 1:15:57]} c5 {[%clk 1:00:39]} 11. dxc5 {[%clk 1:03:31]}
bxc5 {[%clk 0:59:19]} 12. Qc2 {[%clk 1:03:18]} h6 {[%clk 0:52:48]} 13. Rd1 {[%clk
0:58:58]} O-O {[%clk 0:50:30]} 14. O-O {[%clk 0:54:47]} Be6 {[%clk 0:45:33]} 15.
Rfe1 {[%clk 0:48:57]} Nd7 {[%clk 0:36:38]} 16. Qc1 {[%clk 0:41:14]} Re8 {[%clk
0:29:04]} 17. h3 {[%clk 0:26:50]} Bf8 {[%clk 0:26:21]} 18. Bb1 {[%clk 0:26:06]}
d4 {[%clk 0:15:05]} 19. Qc2 {[%clk 0:18:16]} g6 {[%clk 0:15:09]} 20. Qc1 {[%clk
0:18:36]} Kh7 {[%clk 0:14:36]} 21. Re4 {[%clk 0:18:26]} Bd5 {[%clk 0:11:18]} 22.
Rde1 {[%clk 0:12:02]} Bxe4 {[%clk 0:11:45]} 23. Bxe4 {[%clk 0:11:22]} Rb8 {[%clk
0:07:56]} 24. Bf4 {[%clk 0:11:38]} Rb6 {[%clk 0:07:21]} 25. h4 {[%clk 0:11:56]}
Bg7 {[%clk 0:03:06]} 26. h5 {[%clk 0:12:09]} Qe7 {[%clk 0:02:25]} 27. hxg6+
{[%clk 0:06:08]} fxg6 {[%clk 0:02:53]} 28. g3 {[%clk 0:06:21]} Kh8 {[%clk
0:01:44]} 29. Bxh6 {[%clk 0:04:45]} Nxe5 {[%clk 0:01:56]} 30. Nxe5 {[%clk
0:04:23]} Qxe5 {[%clk 0:02:11]} 31. Bf4 {[%clk 0:02:27]} Qe7 {[%clk 0:01:52]} 32.
Kg2 {[%clk 0:02:23]} Rf6 {[%clk 0:00:45]} 33. Bg5 {[%clk 0:00:41]} Ref8 {[%clk
0:00:38]} 34. f4 {[%clk 0:00:51]} Qd6 {[%clk 0:00:39]} 35. Bxf6 {[%clk 0:00:58]}
Rxf6 {[%clk 0:00:46]} 36. Qc4 {[%clk 0:01:14]} Bf8 {[%clk 0:00:48]} 37. Bd5
{[%clk 0:01:02]} Kg7 {[%clk 0:01:02]} 38. Re8 {[%clk 0:01:17]} Rf5 {[%clk
0:01:12]} 39. Be4 {[%clk 0:01:24]} Rf7 {[%clk 0:01:01]} 40. Re6 {[%clk 0:31:45]}
Qd7 {[%clk 0:30:44]} 41. Rxg6+ {[%clk 0:32:07]} Kh8 {[%clk 0:31:11]} 42. Rg5
{[%clk 0:30:55]} Qe7 {[%clk 0:24:00]} 43. Rh5+ {[%clk 0:29:08]} Kg7 {[%clk
0:24:26]} 44. Rh7+ {[%clk 0:25:36]} Kg8 {[%clk 0:20:46]} 45. Rxf7 {[%clk
0:24:28]} Qxe4+ {[%clk 0:21:11]} 46. Kh2 {[%clk 0:24:56]} 1-0

[Event "European Women's Championship"]
[Site "Vysoke Tatry"]
[Date "2018.04.13"]
[Round "6"]
[White "Shvayger, Yuliya"]
[Black "Sebag, Marie"]
[Result "1/2-1/2"]
[Board "6"]
[WhiteElo "2404"]
[WhiteTitle "IM"]
[WhiteCountry "ISR"]
[WhiteFideId "14100126"]
[WhiteEloChange "1"]
[BlackElo "2492"]
[BlackTitle "GM"]
[BlackCountry "FRA"]
[BlackFideId "617822"]
[BlackEloChange "-1"]

1. d4 {[%clk 1:30:57]} d5 {[%clk 1:30:53]} 2. c4 {[%clk 1:31:19]} c6 {[%clk
1:31:07]} 3. Nf3 {[%clk 1:31:33]} Nf6 {[%clk 1:31:29]} 4. Nc3 {[%clk 1:31:58]}
dxc4 {[%clk 1:30:35]} 5. a4 {[%clk 1:31:46]} Bf5 {[%clk 1:30:25]} 6. e3 {[%clk
1:31:54]} e6 {[%clk 1:28:19]} 7. Bxc4 {[%clk 1:31:01]} Bb4 {[%clk 1:26:00]} 8.
O-O {[%clk 1:30:30]} Nbd7 {[%clk 1:22:24]} 9. Qb3 {[%clk 1:16:28]} a5 {[%clk
1:13:35]} 10. Bd2 {[%clk 1:02:23]} O-O {[%clk 1:08:37]} 11. Ne2 {[%clk 1:00:02]}
Bxd2 {[%clk 0:47:32]} 12. Nxd2 {[%clk 1:00:24]} Qb6 {[%clk 0:44:44]} 13. Ng3
{[%clk 0:50:15]} Bg6 {[%clk 0:41:49]} 14. Qxb6 {[%clk 0:48:27]} Nxb6 {[%clk
0:42:14]} 15. Be2 {[%clk 0:48:52]} Rfd8 {[%clk 0:26:21]} 16. Nb3 {[%clk 0:47:36]}
Nfd7 {[%clk 0:25:41]} 17. Rfc1 {[%clk 0:44:59]} f6 {[%clk 0:25:32]} 18. Bh5
{[%clk 0:39:56]} Bxh5 {[%clk 0:18:01]} 19. Nxh5 {[%clk 0:40:23]} Nd5 {[%clk
0:18:16]} 20. Ng3 {[%clk 0:39:51]} Kf7 {[%clk 0:15:35]} 21. Ne4 {[%clk 0:39:26]}
Ra7 {[%clk 0:13:39]} 22. Nd6+ {[%clk 0:31:22]} Ke7 {[%clk 0:13:58]} 23. Nxb7
{[%clk 0:31:38]} Rxb7 {[%clk 0:14:25]} 24. Nxa5 {[%clk 0:32:02]} Rxb2 {[%clk
0:14:48]} 25. Nxc6+ {[%clk 0:32:27]} Ke8 {[%clk 0:15:16]} 26. Nxd8 {[%clk
0:32:47]} Kxd8 {[%clk 0:15:43]} 27. a5 {[%clk 0:29:37]} Rb7 {[%clk 0:13:13]} 28.
Rc6 {[%clk 0:29:07]} Nc7 {[%clk 0:13:21]} 29. h3 {[%clk 0:28:29]} Ra7 {[%clk
0:12:46]} 30. e4 {[%clk 0:27:07]} Nb8 {[%clk 0:11:58]} 31. Rb6 {[%clk 0:25:56]}
Nd7 {[%clk 0:12:19]} 32. Rb3 {[%clk 0:24:11]} Ke7 {[%clk 0:12:28]} 33. Rc1 {[%clk
0:23:29]} Ne8 {[%clk 0:11:19]} 34. Ra1 {[%clk 0:22:26]} 1/2-1/2

[Event "European Women's Championship"]
[Site "Vysoke Tatry"]
[Date "2018.04.13"]
[Round "6"]
[White "Hoolt, Sarah"]
[Black "Stefanova, Antoaneta"]
[Result "0-1"]
[Board "7"]
[WhiteElo "2393"]
[WhiteTitle "WGM"]
[WhiteCountry "GER"]
[WhiteFideId "24606812"]
[WhiteEloChange "-8"]
[BlackElo "2479"]
[BlackTitle "GM"]
[BlackCountry "FID"]
[BlackFideId "2902257"]
[BlackEloChange "4"]

1. e4 {[%clk 1:30:57]} e5 {[%clk 1:30:52]} 2. Nf3 {[%clk 1:31:22]} Nc6 {[%clk
1:31:17]} 3. d4 {[%clk 1:31:48]} exd4 {[%clk 1:31:08]} 4. Nxd4 {[%clk 1:32:05]}
Qf6 {[%clk 1:20:37]} 5. c3 {[%clk 1:32:10]} Bc5 {[%clk 1:08:56]} 6. Be3 {[%clk
1:32:23]} Nge7 {[%clk 1:09:09]} 7. Bc4 {[%clk 1:32:36]} b6 {[%clk 0:59:25]} 8.
O-O {[%clk 1:31:05]} O-O {[%clk 0:56:53]} 9. Qd2 {[%clk 1:31:14]} Qg6 {[%clk
0:39:18]} 10. Nxc6 {[%clk 1:31:22]} Qxc6 {[%clk 0:33:20]} 11. Bxc5 {[%clk
1:31:44]} Qxc5 {[%clk 0:28:49]} 12. Na3 {[%clk 1:32:08]} a6 {[%clk 0:27:47]} 13.
b4 {[%clk 1:28:45]} Qc6 {[%clk 0:23:56]} 14. f4 {[%clk 1:02:12]} b5 {[%clk
0:21:40]} 15. Bd3 {[%clk 0:53:01]} f5 {[%clk 0:21:30]} 16. Rae1 {[%clk 0:52:00]}
Bb7 {[%clk 0:21:22]} 17. Nc2 {[%clk 0:50:05]} Qd6 {[%clk 0:16:08]} 18. e5 {[%clk
0:46:07]} Qb6+ {[%clk 0:14:19]} 19. Qf2 {[%clk 0:40:14]} Qc6 {[%clk 0:13:48]} 20.
Re3 {[%clk 0:36:53]} a5 {[%clk 0:10:38]} 21. Nd4 {[%clk 0:32:48]} Qb6 {[%clk
0:10:33]} 22. Bxb5 {[%clk 0:30:48]} axb4 {[%clk 0:10:39]} 23. Bxd7 {[%clk
0:29:30]} Bd5 {[%clk 0:10:55]} 24. Nb3 {[%clk 0:26:52]} Rxa2 {[%clk 0:10:43]} 25.
Nd2 {[%clk 0:27:05]} bxc3 {[%clk 0:10:37]} 26. Rxc3 {[%clk 0:24:09]} Rxd2 {[%clk
0:10:27]} 27. Qxb6 {[%clk 0:24:13]} Rxg2+ {[%clk 0:09:10]} 28. Kh1 {[%clk
0:24:40]} Rg6+ {[%clk 0:07:46]} 0-1

[Event "European Women's Championship"]
[Site "Vysoke Tatry"]
[Date "2018.04.13"]
[Round "6"]
[White "Shuvalova, Polina"]
[Black "Socko, Monika"]
[Result "1/2-1/2"]
[Board "8"]
[WhiteElo "2389"]
[WhiteTitle "WIM"]
[WhiteCountry "RUS"]
[WhiteFideId "24171760"]
[WhiteEloChange "2"]
[BlackElo "2471"]
[BlackTitle "GM"]
[BlackCountry "POL"]
[BlackFideId "1106619"]
[BlackEloChange "-1"]

1. e4 {[%clk 1:30:56]} e5 {[%clk 1:30:55]} 2. Nf3 {[%clk 1:31:22]} Nf6 {[%clk
1:31:21]} 3. Nxe5 {[%clk 1:30:30]} d6 {[%clk 1:31:46]} 4. Nf3 {[%clk 1:30:52]}
Nxe4 {[%clk 1:32:12]} 5. Nc3 {[%clk 1:31:18]} Nxc3 {[%clk 1:32:10]} 6. dxc3
{[%clk 1:31:45]} Be7 {[%clk 1:32:23]} 7. Be3 {[%clk 1:30:48]} Nc6 {[%clk
1:32:16]} 8. Qd2 {[%clk 1:30:54]} Be6 {[%clk 1:31:54]} 9. O-O-O {[%clk 1:29:46]}
Qd7 {[%clk 1:31:59]} 10. Kb1 {[%clk 1:27:27]} a6 {[%clk 1:31:11]} 11. h4 {[%clk
1:24:51]} h6 {[%clk 1:28:02]} 12. h5 {[%clk 1:15:53]} O-O-O {[%clk 1:20:51]} 13.
Nd4 {[%clk 1:10:57]} Nxd4 {[%clk 1:17:01]} 14. cxd4 {[%clk 1:10:00]} d5 {[%clk
1:15:00]} 15. Bf4 {[%clk 1:07:17]} Bd6 {[%clk 1:13:22]} 16. Bd3 {[%clk 1:06:23]}
Rhe8 {[%clk 1:08:54]} 17. a3 {[%clk 0:57:16]} c6 {[%clk 0:55:35]} 18. Rde1 {[%clk
0:50:41]} Bg4 {[%clk 0:51:52]} 19. Rxe8 {[%clk 0:43:54]} Rxe8 {[%clk 0:51:00]}
20. f3 {[%clk 0:43:17]} Be6 {[%clk 0:51:19]} 21. Re1 {[%clk 0:42:42]} Bxf4 {[%clk
0:48:26]} 22. Qxf4 {[%clk 0:43:08]} Qc7 {[%clk 0:48:45]} 23. Qh4 {[%clk 0:41:52]}
Qd8 {[%clk 0:42:38]} 24. Qg3 {[%clk 0:40:15]} Qg5 {[%clk 0:41:58]} 25. Qd6 {[%clk
0:33:36]} Qh4 {[%clk 0:29:50]} 26. Qb4 {[%clk 0:20:50]} Qxh5 {[%clk 0:26:38]} 27.
f4 {[%clk 0:16:51]} f6 {[%clk 0:17:03]} 28. Bxa6 {[%clk 0:11:24]} bxa6 {[%clk
0:15:28]} 29. Qb6 {[%clk 0:11:45]} Kd7 {[%clk 0:10:56]} 30. Qa7+ {[%clk 0:06:37]}
Kd6 {[%clk 0:08:13]} 31. Qc5+ {[%clk 0:06:20]} Kd7 {[%clk 0:08:38]} 32. Qa7+
{[%clk 0:06:46]} Kd6 {[%clk 0:08:33]} 33. Qc5+ {[%clk 0:06:51]} Kd7 {[%clk
0:08:57]} 34. Qa7+ {[%clk 0:06:51]} Kd6 {[%clk 0:08:57]} 1/2-1/2

[Event "European Women's Championship"]
[Site "Vysoke Tatry"]
[Date "2018.04.13"]
[Round "6"]
[White "Badelka, Olga"]
[Black "Girya, Olga"]
[Result "1-0"]
[Board "9"]
[WhiteElo "2375"]
[WhiteTitle "WIM"]
[WhiteCountry "BLR"]
[WhiteFideId "13509926"]
[WhiteEloChange "13"]
[BlackElo "2470"]
[BlackTitle "WGM"]
[BlackCountry "RUS"]
[BlackFideId "4195752"]
[BlackEloChange "-6"]

1. d4 {[%clk 1:30:57]} Nf6 {[%clk 1:30:51]} 2. c4 {[%clk 1:31:21]} e6 {[%clk
1:31:15]} 3. Nc3 {[%clk 1:31:47]} Bb4 {[%clk 1:31:40]} 4. Qc2 {[%clk 1:32:14]} d5
{[%clk 1:31:39]} 5. cxd5 {[%clk 1:32:32]} exd5 {[%clk 1:32:05]} 6. Bg5 {[%clk
1:32:49]} h6 {[%clk 1:32:01]} 7. Bh4 {[%clk 1:33:15]} Nc6 {[%clk 1:31:45]} 8. e3
{[%clk 1:30:29]} g5 {[%clk 1:31:54]} 9. Bg3 {[%clk 1:30:55]} h5 {[%clk 1:32:16]}
10. Bd3 {[%clk 1:20:02]} Qe7 {[%clk 1:30:01]} 11. O-O-O {[%clk 1:11:42]} Bxc3
{[%clk 1:16:33]} 12. Qxc3 {[%clk 1:12:07]} Nb4 {[%clk 1:07:15]} 13. Qb3 {[%clk
1:02:33]} h4 {[%clk 0:58:54]} 14. Be5 {[%clk 1:02:45]} Rh6 {[%clk 0:53:26]} 15.
Bxf6 {[%clk 0:56:52]} Rxf6 {[%clk 0:52:55]} 16. Bb5+ {[%clk 0:46:15]} Kf8 {[%clk
0:45:31]} 17. a3 {[%clk 0:45:31]} a6 {[%clk 0:45:41]} 18. Be2 {[%clk 0:43:13]}
Nc6 {[%clk 0:45:00]} 19. Nf3 {[%clk 0:33:27]} g4 {[%clk 0:40:22]} 20. Nd2 {[%clk
0:32:23]} Rxf2 {[%clk 0:36:58]} 21. Rde1 {[%clk 0:31:34]} Nxd4 {[%clk 0:19:36]}
22. exd4 {[%clk 0:31:59]} Rxe2 {[%clk 0:20:01]} 23. Rxe2 {[%clk 0:32:05]} Qxe2
{[%clk 0:20:29]} 24. Qxd5 {[%clk 0:31:50]} Be6 {[%clk 0:17:17]} 25. Qc5+ {[%clk
0:31:17]} Ke8 {[%clk 0:17:37]} 26. d5 {[%clk 0:14:00]} Qe5 {[%clk 0:17:26]} 27.
Ne4 {[%clk 0:12:37]} Qxe4 {[%clk 0:17:50]} 28. dxe6 {[%clk 0:13:03]} Qxe6 {[%clk
0:15:42]} 29. Qf2 {[%clk 0:07:51]} Qh6+ {[%clk 0:14:29]} 30. Kb1 {[%clk 0:08:18]}
Kf8 {[%clk 0:14:20]} 31. Rf1 {[%clk 0:08:15]} Qg6+ {[%clk 0:08:59]} 32. Ka1
{[%clk 0:08:41]} Re8 {[%clk 0:08:36]} 33. Qxh4 {[%clk 0:07:54]} Kg7 {[%clk
0:09:05]} 34. Qg3 {[%clk 0:04:57]} Re7 {[%clk 0:08:51]} 35. Qc3+ {[%clk 0:04:51]}
f6 {[%clk 0:06:04]} 36. h3 {[%clk 0:05:06]} gxh3 {[%clk 0:04:17]} 37. gxh3 {[%clk
0:04:53]} Qg5 {[%clk 0:03:59]} 38. Qf3 {[%clk 0:01:00]} c6 {[%clk 0:03:02]} 39.
Qf2 {[%clk 0:01:11]} Kf7 {[%clk 0:01:52]} 40. h4 {[%clk 0:31:07]} Qh6 {[%clk
0:31:06]} 41. Rg1 {[%clk 0:26:50]} Qh7 {[%clk 0:22:31]} 42. Qg3 {[%clk 0:25:06]}
Re5 {[%clk 0:22:56]} 43. Qg4 {[%clk 0:17:50]} f5 {[%clk 0:16:03]} 44. Qg5 {[%clk
0:16:00]} Re7 {[%clk 0:13:31]} 45. h5 {[%clk 0:13:42]} Rd7 {[%clk 0:08:30]} 46.
Re1 {[%clk 0:10:48]} Kf8 {[%clk 0:06:45]} 47. Qf6+ {[%clk 0:10:39]} 1-0

[Event "European Women's Championship"]
[Site "Vysoke Tatry"]
[Date "2018.04.13"]
[Round "6"]
[White "Paehtz, Elisabeth"]
[Black "Gara, Anita"]
[Result "1-0"]
[Board "10"]
[WhiteElo "2468"]
[WhiteTitle "IM"]
[WhiteCountry "GER"]
[WhiteFideId "4641833"]
[WhiteEloChange "4"]
[BlackElo "2369"]
[BlackTitle "IM"]
[BlackCountry "HUN"]
[BlackFideId "709751"]
[BlackEloChange "-7"]

1. d4 {[%clk 1:30:58]} d5 {[%clk 1:30:16]} 2. Bf4 {[%clk 1:31:24]} Nf6 {[%clk
1:29:41]} 3. e3 {[%clk 1:31:48]} c5 {[%clk 1:28:32]} 4. Nd2 {[%clk 1:31:41]} Nc6
{[%clk 1:28:26]} 5. c3 {[%clk 1:32:07]} Bf5 {[%clk 1:27:56]} 6. Ngf3 {[%clk
1:32:15]} e6 {[%clk 1:27:51]} 7. Qb3 {[%clk 1:32:18]} Qc8 {[%clk 1:27:23]} 8. Be2
{[%clk 1:31:36]} Be7 {[%clk 1:25:15]} 9. h3 {[%clk 1:31:07]} h6 {[%clk 1:22:00]}
10. a4 {[%clk 1:23:25]} a6 {[%clk 1:08:52]} 11. a5 {[%clk 1:12:41]} O-O {[%clk
1:05:39]} 12. Qa4 {[%clk 1:09:29]} Re8 {[%clk 0:54:27]} 13. O-O {[%clk 1:06:44]}
cxd4 {[%clk 0:51:43]} 14. exd4 {[%clk 1:01:27]} Bd8 {[%clk 0:47:44]} 15. b4
{[%clk 0:46:47]} Bc7 {[%clk 0:46:43]} 16. Bxc7 {[%clk 0:45:44]} Qxc7 {[%clk
0:47:09]} 17. Rac1 {[%clk 0:43:37]} Nh5 {[%clk 0:44:39]} 18. Rfe1 {[%clk
0:39:24]} Nf4 {[%clk 0:45:01]} 19. Bf1 {[%clk 0:36:41]} f6 {[%clk 0:43:38]} 20.
Nb3 {[%clk 0:31:46]} Qf7 {[%clk 0:25:58]} 21. Nc5 {[%clk 0:30:45]} e5 {[%clk
0:18:24]} 22. Re3 {[%clk 0:26:31]} exd4 {[%clk 0:17:32]} 23. cxd4 {[%clk
0:26:53]} Rxe3 {[%clk 0:11:48]} 24. fxe3 {[%clk 0:27:18]} Qe7 {[%clk 0:10:45]}
25. Qb3 {[%clk 0:27:03]} Nh5 {[%clk 0:08:17]} 26. Qxd5+ {[%clk 0:27:09]} Kh8
{[%clk 0:08:45]} 27. Kf2 {[%clk 0:21:19]} Re8 {[%clk 0:08:00]} 28. Re1 {[%clk
0:20:40]} Bg6 {[%clk 0:05:46]} 29. g4 {[%clk 0:20:49]} Nxb4 {[%clk 0:05:08]} 30.
Qxb7 {[%clk 0:20:45]} Qd6 {[%clk 0:05:30]} 31. gxh5 {[%clk 0:20:25]} Nc2 {[%clk
0:02:53]} 32. hxg6 {[%clk 0:17:23]} Nxe1 {[%clk 0:03:21]} 33. Nxe1 {[%clk
0:14:38]} f5 {[%clk 0:03:50]} 34. Ned3 {[%clk 0:13:21]} Qxg6 {[%clk 0:03:41]} 35.
Ne5 {[%clk 0:13:34]} Qh5 {[%clk 0:03:02]} 36. Qf7 {[%clk 0:13:27]} Qh4+ {[%clk
0:02:39]} 37. Ke2 {[%clk 0:13:40]} Qd8 {[%clk 0:03:07]} 38. Ne6 {[%clk 0:13:27]}
Rxe6 {[%clk 0:01:59]} 39. Qxe6 {[%clk 0:13:49]} 1-0

[Event "European Women's Championship"]
[Site "Vysoke Tatry"]
[Date "2018.04.13"]
[Round "6"]
[White "Kulon, Klaudia"]
[Black "Kashlinskaya, Alina"]
[Result "1-0"]
[Board "11"]
[WhiteElo "2319"]
[WhiteTitle "WGM"]
[WhiteCountry "POL"]
[WhiteFideId "1131044"]
[WhiteEloChange "14"]
[BlackElo "2450"]
[BlackTitle "IM"]
[BlackCountry "RUS"]
[BlackFideId "4198026"]
[BlackEloChange "-7"]

1. e4 {[%clk 1:30:57]} e6 {[%clk 1:30:54]} 2. d4 {[%clk 1:31:20]} d5 {[%clk
1:31:18]} 3. e5 {[%clk 1:31:44]} c5 {[%clk 1:31:42]} 4. c3 {[%clk 1:32:10]} Nc6
{[%clk 1:32:03]} 5. Nf3 {[%clk 1:32:26]} Qb6 {[%clk 1:32:19]} 6. a3 {[%clk
1:32:49]} Nh6 {[%clk 1:32:40]} 7. b4 {[%clk 1:33:03]} cxd4 {[%clk 1:33:01]} 8.
Bxh6 {[%clk 1:33:28]} gxh6 {[%clk 1:33:24]} 9. cxd4 {[%clk 1:33:55]} Bd7 {[%clk
1:33:23]} 10. Ra2 {[%clk 1:34:03]} Rg8 {[%clk 1:33:21]} 11. g3 {[%clk 1:31:52]}
Rg4 {[%clk 1:32:17]} 12. Rd2 {[%clk 1:32:16]} a5 {[%clk 1:30:40]} 13. b5 {[%clk
1:32:41]} Re4+ {[%clk 1:30:59]} 14. Be2 {[%clk 1:33:06]} Qxb5 {[%clk 1:31:13]}
15. O-O {[%clk 1:33:27]} Qb6 {[%clk 1:31:14]} 16. Bd3 {[%clk 1:33:44]} Rg4 {[%clk
1:30:59]} 17. Bxh7 {[%clk 1:33:53]} a4 {[%clk 1:29:50]} 18. Bc2 {[%clk 1:34:03]}
Qa5 {[%clk 1:29:25]} 19. h4 {[%clk 1:33:59]} Rg7 {[%clk 1:13:46]} 20. Nh2 {[%clk
1:34:03]} b5 {[%clk 1:10:50]} 21. Ng4 {[%clk 1:34:06]} b4 {[%clk 0:56:28]} 22.
Nf6+ {[%clk 1:33:35]} Kd8 {[%clk 0:56:36]} 23. Nh5 {[%clk 1:33:58]} Rg8 {[%clk
0:47:37]} 24. Qf3 {[%clk 1:33:34]} Be7 {[%clk 0:42:46]} 25. Nf6 {[%clk 1:23:32]}
Rg7 {[%clk 0:35:10]} 26. Qe3 {[%clk 1:11:43]} b3 {[%clk 0:27:08]} 27. Qxh6 {[%clk
1:00:03]} Bf8 {[%clk 0:21:20]} 28. Qh8 {[%clk 1:00:21]} Kc7 {[%clk 0:21:32]} 29.
Bh7 {[%clk 0:48:05]} Nxe5 {[%clk 0:13:35]} 30. dxe5 {[%clk 0:44:20]} Rxg3+ {[%clk
0:14:02]} 31. Kh2 {[%clk 0:44:45]} Bh6 {[%clk 0:11:54]} 32. Bg8 {[%clk 0:44:54]}
Rg6 {[%clk 0:11:46]} 33. f4 {[%clk 0:37:41]} Qb5 {[%clk 0:10:48]} 34. Rf3 {[%clk
0:36:26]} Qc4 {[%clk 0:07:42]} 35. Rdf2 {[%clk 0:34:33]} d4 {[%clk 0:06:36]} 36.
h5 {[%clk 0:31:11]} Bxf4+ {[%clk 0:06:26]} 37. Rxf4 {[%clk 0:31:18]} Rg5 {[%clk
0:06:53]} 38. Qh6 {[%clk 0:28:30]} Rxe5 {[%clk 0:05:50]} 39. Nxd7 {[%clk
0:28:15]} Kxd7 {[%clk 0:06:11]} 40. Rxf7+ {[%clk 0:58:09]} Kc6 {[%clk 0:34:33]}
41. Bh7 {[%clk 0:53:14]} d3 {[%clk 0:32:12]} 42. R7f4 {[%clk 0:46:12]} Qc5 {[%clk
0:30:22]} 43. Kg3 {[%clk 0:35:48]} Qc1 {[%clk 0:14:58]} 44. Kg2 {[%clk 0:32:54]}
Raa5 {[%clk 0:14:55]} 45. Bf5 {[%clk 0:25:53]} Qxb1 {[%clk 0:13:11]} 46. Bxe6
{[%clk 0:25:46]} Qe1 {[%clk 0:12:34]} 47. Bxb3+ {[%clk 0:25:18]} Kb7 {[%clk
0:10:14]} 48. Rf7+ {[%clk 0:25:34]} Ka8 {[%clk 0:09:30]} 49. Qc6+ {[%clk
0:25:56]} 1-0

[Event "European Women's Championship"]
[Site "Vysoke Tatry"]
[Date "2018.04.13"]
[Round "6"]
[White "Tsolakidou, Stavroula"]
[Black "Osmak, Iulija"]
[Result "0-1"]
[Board "12"]
[WhiteElo "2430"]
[WhiteTitle "WGM"]
[WhiteCountry "GRE"]
[WhiteFideId "4264312"]
[WhiteEloChange "-6"]
[BlackElo "2361"]
[BlackTitle "IM"]
[BlackCountry "UKR"]
[BlackFideId "14101602"]
[BlackEloChange "12"]

1. e4 {[%clk 1:30:57]} e6 {[%clk 1:30:44]} 2. d4 {[%clk 1:31:21]} d5 {[%clk
1:31:09]} 3. Nc3 {[%clk 1:31:46]} Bb4 {[%clk 1:31:17]} 4. e5 {[%clk 1:32:06]} Ne7
{[%clk 1:31:34]} 5. Bd2 {[%clk 1:32:24]} b6 {[%clk 1:31:13]} 6. Nce2 {[%clk
1:32:34]} Bxd2+ {[%clk 1:30:50]} 7. Qxd2 {[%clk 1:32:59]} c5 {[%clk 1:29:40]} 8.
c3 {[%clk 1:33:17]} Ba6 {[%clk 1:27:46]} 9. Nf3 {[%clk 1:33:27]} O-O {[%clk
1:26:32]} 10. Nf4 {[%clk 1:30:20]} Bxf1 {[%clk 1:26:09]} 11. Kxf1 {[%clk
1:30:46]} Nbc6 {[%clk 1:22:29]} 12. g3 {[%clk 1:28:09]} Rc8 {[%clk 1:18:18]} 13.
Kg2 {[%clk 1:12:56]} Ng6 {[%clk 1:12:38]} 14. Nxg6 {[%clk 1:03:37]} fxg6 {[%clk
1:10:44]} 15. h4 {[%clk 1:01:31]} Qe7 {[%clk 1:06:27]} 16. Rad1 {[%clk 0:32:50]}
cxd4 {[%clk 1:04:17]} 17. cxd4 {[%clk 0:31:13]} h6 {[%clk 0:53:23]} 18. Rhe1
{[%clk 0:23:24]} Nb4 {[%clk 0:38:39]} 19. a3 {[%clk 0:17:35]} Nc6 {[%clk
0:38:51]} 20. Ng1 {[%clk 0:14:06]} Na5 {[%clk 0:37:05]} 21. Re2 {[%clk 0:14:11]}
Qf7 {[%clk 0:36:33]} 22. Qd3 {[%clk 0:12:36]} Qf5 {[%clk 0:33:57]} 23. Nh3 {[%clk
0:12:09]} Rc6 {[%clk 0:30:42]} 24. Nf4 {[%clk 0:09:34]} Kf7 {[%clk 0:29:01]} 25.
Re3 {[%clk 0:05:08]} Nc4 {[%clk 0:24:30]} 26. Rf3 {[%clk 0:04:30]} Ke8 {[%clk
0:21:53]} 27. Qb3 {[%clk 0:02:43]} Kd7 {[%clk 0:13:18]} 28. Rdd3 {[%clk 0:03:10]}
Qe4 {[%clk 0:13:21]} 29. Qa4 {[%clk 0:00:33]} a5 {[%clk 0:09:52]} 30. Rc3 {[%clk
0:00:40]} g5 {[%clk 0:07:48]} 31. hxg5 {[%clk 0:01:07]} hxg5 {[%clk 0:08:13]} 32.
Nxe6 {[%clk 0:00:34]} Rxf3 {[%clk 0:08:20]} 33. Nxg5 {[%clk 0:00:39]} Rxf2+
{[%clk 0:08:20]} 34. Kxf2 {[%clk 0:01:04]} Qxd4+ {[%clk 0:08:44]} 35. Ke2 {[%clk
0:00:32]} Qxe5+ {[%clk 0:08:53]} 36. Kf3 {[%clk 0:00:34]} Qxg5 {[%clk 0:08:55]}
0-1